Applied Mathematics 2nd Sem. (Record no. 8083)
[ view plain ]
| 000 -LEADER | |
|---|---|
| fixed length control field | 00271nam a2200109Ia 4500 |
| 008 - FIXED-LENGTH DATA ELEMENTS--GENERAL INFORMATION | |
| fixed length control field | 191201s2013 xx 000 0 und d |
| 100 ## - MAIN ENTRY--PERSONAL NAME | |
| Personal name | RAJ, Deepak |
| 245 #0 - TITLE STATEMENT | |
| Title | Applied Mathematics 2nd Sem. |
| 260 ## - PUBLICATION, DISTRIBUTION, ETC. (IMPRINT) | |
| Date of publication, distribution, etc | 2013 |
| Name of publisher, distributor, etc | NORTH PUB. |
| Place of publication, distribution, etc | NEW DELHI |
| 300 ## - PHYSICAL DESCRIPTION | |
| Extent | 232 |
| 942 ## - ADDED ENTRY ELEMENTS (KOHA) | |
| Source of classification or shelving scheme | Dewey Decimal Classification |
| Koha item type | Text Books |
| 942 ## - ADDED ENTRY ELEMENTS (KOHA) | |
| -- | 19 |
| Withdrawn status | Lost status | Source of classification or shelving scheme | Damaged status | Not for loan | Collection code | Home library | Current library | Date acquired | Source of acquisition | Cost, normal purchase price | Bill Number | Total Checkouts | Full call number | Acc. no. / Barcode | Checked out | Date last seen | Date last borrowed | Bill Date | Koha item type |
|---|---|---|---|---|---|---|---|---|---|---|---|---|---|---|---|---|---|---|---|
| Dewey Decimal Classification | Diploma in Mechanical | PIET C-LIBRARY | PIET C-LIBRARY | 08/02/2013 | Shree prime Books | 190.00 | 1501 | 1 | 510 RAA | DE541 | 23/11/2020 | 07/11/2020 | 07/11/2020 | 08/02/2013 | Text Books | ||||
| Dewey Decimal Classification | Diploma in Mechanical | PIET C-LIBRARY | PIET C-LIBRARY | 08/02/2013 | Shree prime Books | 190.00 | 1501 | 1 | 510 RAA | DE542 | 20/11/2020 | 06/11/2020 | 06/11/2020 | 08/02/2013 | Text Books | ||||
| Dewey Decimal Classification | Diploma in Mechanical | PIET C-LIBRARY | PIET C-LIBRARY | 08/02/2013 | Shree prime Books | 190.00 | 1501 | 1 | 510 RAA | DE543 | 23/06/2023 | 12/06/2023 | 08/02/2013 | Text Books | |||||
| Dewey Decimal Classification | Diploma in Mechanical | PIET C-LIBRARY | PIET C-LIBRARY | 08/02/2013 | Shree prime Books | 190.00 | 1501 | 4 | 510 RAA | DE544 | 06/03/2026 | 23/02/2026 | 08/02/2013 | Text Books | |||||
| Dewey Decimal Classification | Diploma in Mechanical | PIET C-LIBRARY | PIET C-LIBRARY | 08/02/2013 | Shree prime Books | 190.00 | 1501 | 510 RAA | DE545 | 04/12/2019 | 08/02/2013 | Text Books | |||||||
| Dewey Decimal Classification | Diploma in Mechanical | PIET C-LIBRARY | PIET C-LIBRARY | 08/02/2013 | Shree prime Books | 190.00 | 1501 | 1 | 510 RAA | DE546 | 10/11/2020 | 27/10/2020 | 27/10/2020 | 08/02/2013 | Text Books | ||||
| Dewey Decimal Classification | Diploma in Mechanical | PIET C-LIBRARY | PIET C-LIBRARY | 08/02/2013 | Shree prime Books | 190.00 | 1501 | 3 | 510 RAA | DE547 | 17/08/2026 | 27/01/2026 | 27/01/2026 | 08/02/2013 | Text Books | ||||
| Dewey Decimal Classification | Diploma in Mechanical | PIET C-LIBRARY | PIET C-LIBRARY | 08/02/2013 | Shree prime Books | 190.00 | 1501 | 3 | 510 RAA | DE548 | 03/05/2023 | 19/04/2023 | 08/02/2013 | Text Books | |||||
| Dewey Decimal Classification | Diploma in Mechanical | PIET C-LIBRARY | PIET C-LIBRARY | 08/02/2013 | Shree prime Books | 190.00 | 1501 | 1 | 510 RAA | DE549 | 10/11/2020 | 27/10/2020 | 27/10/2020 | 08/02/2013 | Text Books | ||||
| Dewey Decimal Classification | Diploma in Mechanical | PIET C-LIBRARY | PIET C-LIBRARY | 08/02/2013 | Shree prime Books | 190.00 | 1501 | 3 | 510 RAA | DE550 | 07/05/2026 | 24/04/2026 | 08/02/2013 | Text Books | |||||
| Dewey Decimal Classification | Diploma in Mechanical | PIET C-LIBRARY | PIET C-LIBRARY | 08/02/2013 | Shree prime Books | 190.00 | 1501 | 510 RAA | DE551 | 26/06/2019 | 04/12/2019 | 08/02/2013 | Text Books | ||||||
| Dewey Decimal Classification | Diploma in Mechanical | PIET C-LIBRARY | PIET C-LIBRARY | 08/02/2013 | Shree prime Books | 190.00 | 1501 | 1 | 510 RAA | DE552 | 05/04/2022 | 07/10/2021 | 07/10/2021 | 08/02/2013 | Text Books | ||||
| Dewey Decimal Classification | Diploma in Mechanical | PIET C-LIBRARY | PIET C-LIBRARY | 08/02/2013 | Shree prime Books | 190.00 | 1501 | 510 RAA | DE553 | 04/12/2019 | 08/02/2013 | Text Books | |||||||
| Dewey Decimal Classification | Diploma in Mechanical | PIET C-LIBRARY | PIET C-LIBRARY | 08/02/2013 | Shree prime Books | 190.00 | 1501 | 1 | 510 RAA | DE554 | 20/11/2020 | 06/11/2020 | 06/11/2020 | 08/02/2013 | Text Books | ||||
| Dewey Decimal Classification | Diploma in Mechanical | PIET C-LIBRARY | PIET C-LIBRARY | 08/02/2013 | Shree prime Books | 190.00 | 1501 | 1 | 510 RAA | DE555 | 19/12/2019 | 05/12/2019 | 08/02/2013 | Text Books | |||||
| Dewey Decimal Classification | Diploma in Mechanical | PIET C-LIBRARY | PIET C-LIBRARY | 08/02/2013 | Shree prime Books | 190.00 | 1501 | 510 RAA | DE556 | 07/01/2020 | 08/02/2013 | Text Books | |||||||
| Dewey Decimal Classification | Diploma in Mechanical | PIET C-LIBRARY | PIET C-LIBRARY | 08/02/2013 | Shree prime Books | 190.00 | 1501 | 8 | 510 RAA | DE557 | 30/04/2026 | 16/04/2026 | 08/02/2013 | Text Books | |||||
| Dewey Decimal Classification | Diploma in Mechanical | PIET C-LIBRARY | PIET C-LIBRARY | 08/02/2013 | Shree prime Books | 190.00 | 1501 | 2 | 510 RAA | DE558 | 25/05/2022 | 10/05/2022 | 08/02/2013 | Text Books | |||||
| Dewey Decimal Classification | Diploma in Mechanical | PIET C-LIBRARY | PIET C-LIBRARY | 08/02/2013 | Shree prime Books | 190.00 | 1501 | 1 | 510 RAA | DE559 | 10/11/2020 | 27/10/2020 | 27/10/2020 | 08/02/2013 | Text Books | ||||
| Dewey Decimal Classification | Diploma in Mechanical | PIET C-LIBRARY | PIET C-LIBRARY | 08/02/2013 | Shree prime Books | 190.00 | 1501 | 3 | 510 RAA | DE560 | 22/06/2023 | 08/06/2023 | 08/02/2013 | Text Books | |||||
| Dewey Decimal Classification | Diploma in Mechanical | PIET C-LIBRARY | PIET C-LIBRARY | 08/02/2013 | Shree prime Books | 190.00 | 1501 | 510 RAA | DE561 | 04/12/2019 | 08/02/2013 | Text Books | |||||||
| Dewey Decimal Classification | Diploma in Mechanical | PIET C-LIBRARY | PIET C-LIBRARY | 08/02/2013 | Shree prime Books | 190.00 | 1501 | 1 | 510 RAA | DE562 | 10/11/2020 | 27/10/2020 | 27/10/2020 | 08/02/2013 | Text Books | ||||
| Dewey Decimal Classification | Diploma in Mechanical | PIET C-LIBRARY | PIET C-LIBRARY | 08/02/2013 | Shree prime Books | 190.00 | 1501 | 5 | 510 RAA | DE563 | 02/06/2026 | 26/05/2026 | 08/02/2013 | Text Books | |||||
| Dewey Decimal Classification | Diploma in Mechanical | PIET C-LIBRARY | PIET C-LIBRARY | 08/02/2013 | Shree prime Books | 190.00 | 1501 | 2 | 510 RAA | DE564 | 17/03/2025 | 28/01/2025 | 08/02/2013 | Text Books | |||||
| Dewey Decimal Classification | Diploma in Mechanical | PIET C-LIBRARY | PIET C-LIBRARY | 08/02/2013 | Shree prime Books | 190.00 | 1501 | 1 | 510 RAA | DE565 | 27/03/2023 | 13/03/2023 | 08/02/2013 | Text Books | |||||
| Dewey Decimal Classification | Diploma in Mechanical | PIET C-LIBRARY | PIET C-LIBRARY | 08/02/2013 | Shree prime Books | 190.00 | 1501 | 3 | 510 RAA | DE566 | 16/04/2026 | 02/04/2026 | 08/02/2013 | Text Books | |||||
| Dewey Decimal Classification | Diploma in Mechanical | PIET C-LIBRARY | PIET C-LIBRARY | 08/02/2013 | Shree prime Books | 190.00 | 1501 | 1 | 510 RAA | DE567 | 26/05/2026 | 12/05/2026 | 08/02/2013 | Text Books | |||||
| Dewey Decimal Classification | Diploma in Mechanical | PIET C-LIBRARY | PIET C-LIBRARY | 08/02/2013 | Shree prime Books | 190.00 | 1501 | 1 | 510 RAA | DE568 | 10/11/2020 | 27/10/2020 | 27/10/2020 | 08/02/2013 | Text Books | ||||
| Dewey Decimal Classification | Diploma in Mechanical | PIET C-LIBRARY | PIET C-LIBRARY | 08/02/2013 | Shree prime Books | 190.00 | 1501 | 5 | 510 RAA | DE569 | 06/02/2026 | 02/02/2026 | 08/02/2013 | Text Books | |||||
| Dewey Decimal Classification | Diploma in Mechanical | PIET C-LIBRARY | PIET C-LIBRARY | 08/02/2013 | Shree prime Books | 190.00 | 1501 | 3 | 510 RAA | DE570 | 25/05/2026 | 14/05/2026 | 08/02/2013 | Text Books |